Quiz on the Year 2003 - Statistics

General Stats
  • This quiz has been taken 22,615 times
  • The average score is 13 of 20
Answer Stats
Hint Answer % Correct
Country which the U.S. invaded Iraq
98%
Pixar movie about a clownfish Finding Nemo
92%
Former actor who become "Governator" of California Arnold Schwarzenegger
87%
Car company founded in California Tesla
86%
Leader of the country which was invaded Saddam Hussein
84%
Music downloading service introduced by Apple iTunes
72%
British Prime Minister who faced criticism for dragging the UK into the war Tony Blair
72%
Social networking website launched by Tom, who you might have been friends with Myspace
66%
Tennis star who won the first of 20 majors in his long career Roger Federer
65%
Supersonic passenger jet which made its final flight Concorde
62%
Company that made the 3600, the first camera phone to be sold in North America Nokia
62%
Country which withdrew from the nuclear non-proliferation treaty North Korea
62%
Dan Brown book about a symbology professor who solves the mystery of the Holy Grail The Da Vinci Code
61%
Person who became the first black, female billionaire ($US) in world history Oprah Winfrey
60%
Singer who released her first solo album: "Dangerously in Love" Beyoncé
59%
Palestinian group which resumed suicide bombings in Israel Hamas
53%
Actress who starred in the critically-panned "Gigli" alongside boyfriend Ben Affleck Jennifer Lopez
52%
Singer who kissed Britney Spears at the Video Music Awards in an attempt to stay relevant Madonna
48%
Event at which Paula Radcliffe set a new women's world record Marathon
32%
Duo whose Las Vegas show ended in tragedy when a tiger attacked Siegfried & Roy
29%
No matching quizzes found
Score Distribution
Percent of People with Each Score
Percentile by Number Answered
Your Score History
You have not taken this quiz